zpět

Detail výsledku týmu

Hospoda Vesnice, Velký Týnec

Datum a čas kvízu

29.5 Celkem bodů Celkový počet nahraných bodů na tomto kvízu bez doplňovacích otázek.
4. Pořadí na kvízu Konečné umístění týmu na tomto kvízu.

Zaznamenané odpovědi

# Otázka Odpověď Body Výsledky
1. Poblíž které jihočeské obce by... Lety 1
2. Radní jednoho evropského města... Benátky 0
3. Při sobotním jednodenním festi... Pořadatel přestal vracet zálohy za kelímky. 1
4. Mobilní síť jednoho českého op... Vodafone 0
5. V pondělí padl unikátní rekord... USK 1
6. Bešamelová omáčka se standardn... muškátovým oříškem/květem 1
7. Napište zakrytou značku zobraz... Kikkoman 1
8. Když se řekne omáčka, určitě s... 15 0
9. Město Worcester dalo jméno jed... C; čertovo lejno 0
10. Jak se označuje tato omáčka (z... holandská omáčka; vejce Benedikt 0.5